000 00849nam a22002774a 4500
001 UByD004217
003 AR-LpoUNG
005 20260107140035.0
008 250925s2023 ag jr 000 1 spa d
020 _a9789873994319
040 _aAR-LpoUNG
_bspa
_cAR-LpoUNG
_eaacr
041 0 _aspa
082 0 _a808.068 3 574cri
100 1 _aCinetto, Liliana
245 1 0 _aCristal
250 _a1ra. ed.
260 _aBuenos Aires :
_bLa Letra del Gato,
_c2023.
300 _a125 p.
490 0 _aIdentidades bonaerenses
505 0 _aSugerido a partir de 14 aƱos (etiqueta VERDE).
650 4 _aLitertura argentina
650 4 _aNarrativa
653 0 _aLiteratura infantojuvenil
942 _2ddc
_cLIB
999 _c67208
_d67208